Memoria sobre la dirección, administración y marcha de la Casa de Caridad de la provincia de Barcelona durante el ejercicio económico de 1873 a 1874 / Valentín Almirall ... [et al.]

Publicado: Barcelona : (Imp. de la Casa de Caridad) , 1875
Descripción Física: 35 p. : 2 f. pleg. ; 26 cm
Otros Autores: Almirall, Valentí

MARC

LEADER 00000nam a2200000Ia 4500
001 11175
008 160829s1875 xx 000 0 cat d
080 |a RF-10-34 
110 |a Casa de Caritat (Barcelona, Catalunya)  |9 52406 
245 |a Memoria sobre la dirección, administración y marcha de la Casa de Caridad de la provincia de Barcelona durante el ejercicio económico de 1873 a 1874 / Valentín Almirall ... [et al.] 
260 |a Barcelona :  |b (Imp. de la Casa de Caridad),  |c 1875 
300 |a 35 p. :  |b  2 f. pleg. ;  |c 26 cm 
590 |a Hi ha un duplicat a: DUP-73-25.  
590 |a Prové de la caixeta de Casa de Caritat, any 1871, exp. 1660 i de 4653 
650 |a Casa de Caritat (Barcelona)  |x Direcció i administració  |x Memòries  |9 48533 
700 |a Almirall, Valentí  |9 2472 
856 4 |u https://media.diba.cat/diba/fitxers/arxiu/fulletons/bib_11175_1875_baixa.pdf  |y Accés lliure 
856 4 |u https://media.diba.cat/diba/fitxers/arxiu/fulletons/bib_11175_1875_baixa.pdf  |y Accés lliure 
901 |a Arxiu 
942 |n 1  |2 udc 
952 |0 0  |1 0  |4 0  |6 RF1034  |7 1  |9 54634  |a Arxiu  |b Arxiu  |d 2016-12-01  |l 0  |o RF-10-34  |p 11175  |r 2016-12-01 00:00:00  |w 2016-12-01  |y ARXIU 
999 |c 58503  |d 58503 
900 |a bib_11175_1875_baixa.pdf